| 000 | 00958nas a2200301 4500 | ||
|---|---|---|---|
| 001 | BR2019001541 | ||
| 003 | BR-BrBNA | ||
| 005 | 20231205131931.0 | ||
| 007 | ta | ||
| 008 | 230509b bl.|||p| |||| 00| 00por d | ||
| 040 |
_aBR-BrBNA _bpor _cBiblioteca Nacional de Agricultura |
||
| 041 | _a(Pt) | ||
| 072 | _aH20 | ||
| 100 | 1 | _aRocha, H.M. | |
| 100 | 1 | _aAitken, W.M. | |
| 100 | 1 | _aVasconcelos, A.P. | |
| 245 | 1 | _aControle do mal-das-folhas (Microcyclus ulei)da seringueira na Bahia. 1. Pulverização aérea com fungicidas na região de Ituberá | |
| 650 | _aDOENÇA DE PLANTA | ||
| 650 | _aMAL DAS FOLHAS | ||
| 650 | _aMICROCYCLUS ULEI | ||
| 650 | _aSERINGUEIRA | ||
| 650 | _aCONTROLE QUÍMICO | ||
| 650 | _aFUNGICIDA | ||
| 773 | 0 |
_tRevista Theobroma (Brazil) _xISSN 0370-7962 _g(Jul-Sep 1975), v. 5(3) p. 3-11 _wBR2019001541 |
|
| 856 | 4 | 0 | _dLink DSPACE/MAPA BR2019001541 |
| 909 |
_a202311 _bLúcia _c55 _dLúcia Elande |
||
| 942 |
_2AGRIS _n0 _cANA |
||
| 999 |
_c257555 _d257555 |
||